[Event "Quebec op"]
[Site "Laval CAN"]
[Date "2022.09.04"]
[Round "6.9"]
[White "Saha, Ananda"]
[Black "Wolchock, Theo"]
[Result "1-0"]
[WhiteElo "2025"]
[BlackElo "2105"]
[PlyCount "195"]
[EventDate "2022.09.01"]
[EventType "swiss"]
[EventRounds "9"]
[EventCountry "CAN"]

1. d4 d5 2. Nf3 e6 3. e3 Nf6 4. Bd3 Bd6 5. b3 O-O 6. Bb2 c5 7. Nbd2 Nbd7 8. O-O
Qc7 9. c4 b6 10. Rc1 Bb7 11. cxd5 exd5 12. Qc2 Rac8 13. dxc5 Nxc5 14. Bf5 Ncd7
15. Qb1 Qb8 16. Bxf6 Rxc1 17. Bxh7+ Kh8 18. Rxc1 Nxf6 19. Bf5 g6 20. Bd3 Ng4
21. g3 Qe8 22. Qb2+ Kg8 23. Qd4 f5 24. b4 Qe7 25. a3 g5 26. Bxf5 Nxf2 27. g4
Ne4 28. Nxe4 dxe4 29. Qc4+ Kh8 30. Nd4 Qe5 31. Rc2 Bd5 32. Qa6 Bb8 33. Qb5 Qd6
34. Qd7 Qxd7 35. Bxd7 Be5 36. Rc8 Rxc8 37. Bxc8 a5 38. bxa5 bxa5 39. a4 Kg7 40.
Bd7 Kf6 41. h3 Bc7 42. Kf2 Ke5 43. Bb5 Bb6 44. Nf5 Be6 45. Ng3 Bd5 46. Ke2 Bc5
47. Nf1 Bb4 48. Nd2 Bc5 49. Bc4 Bb7 50. Nb3 Bb6 51. Na1 Bc5 52. Bb5 Bd5 53. Nc2
Bb3 54. Ne1 Bd5 55. Ng2 Be7 56. Kf2 Bb3 57. Kg3 Bd1 58. h4 Bf3 59. h5 Bxg2 60.
Kxg2 Bf8 61. Bc6 Bg7 62. Kf2 Bf6 63. h6 Bh8 64. h7 Bf6 65. Ke2 Bh8 66. Kd2 Bg7
67. Kc2 Bh8 68. Kb3 Kd6 69. Bxe4 Ke5 70. Bg6 Kd5 71. Bd3 Bg7 72. Kc2 Bh8 73.
Kd2 Bg7 74. Ke2 Bh8 75. Ba6 Bg7 76. Kd3 Bh8 77. Bb7+ Ke5 78. Kc4 Kd6 79. Kb5
Bc3 80. Bf3 Ke7 81. Kc6 Bg7 82. Kd5 Bh8 83. Be2 Bg7 84. Bc4 Bh8 85. e4 Bg7 86.
e5 Bh8 87. Ke4 Bg7 88. Kf5 Bh8 89. e6 Bf6 90. Kg6 Bh8 91. Kxg5 Bg7 92. Kg6 Bh8
93. g5 Kf8 94. Bb5 Ke7 95. Kf5 Bg7 96. Be2 Bh8 97. Bh5 Bg7 98. Bf7 1-0

[Event "Quebec op"]
[Site "Laval CAN"]
[Date "2022.09.04"]
[Round "6.10"]
[White "Zhong, Kevin"]
[Black "Latorre, Vincent"]
[Result "1/2-1/2"]
[WhiteElo "2143"]
[BlackElo "1949"]
[PlyCount "82"]
[EventDate "2022.09.01"]
[EventType "swiss"]
[EventRounds "9"]
[EventCountry "CAN"]

1. e4 g6 2. d4 Bg7 3. Nc3 d6 4. Bg5 c5 5. dxc5 Bxc3+ 6. bxc3 Qa5 7. Qd4 Nf6 8.
Bxf6 dxc5 9. Qc4 exf6 10. Qb5+ Qxb5 11. Bxb5+ Nd7 12. Nh3 a6 13. Be2 O-O 14.
Nf4 Re8 15. f3 b5 16. Nd5 Rb8 17. a4 Bb7 18. axb5 Bxd5 19. exd5 axb5 20. Kf2 c4
21. Rhd1 Nb6 22. f4 Na4 23. Ra3 Red8 24. Bf3 Rd6 25. Rb1 Rbb6 26. Ke3 f5 27.
Kd4 Kf8 28. Rb4 Ke7 29. Be2 Rxd5+ 30. Ke3 Nc5 31. Ra5 Ne4 32. Bxc4 Nxc3 33. Ra3
Re6+ 34. Kf3 bxc4 35. Rxc3 Rd2 36. Rb7+ Kf6 37. Rxc4 Ree2 38. Rc6+ Kg7 39. Rcc7
Rf2+ 40. Ke3 Rfe2+ 41. Kf3 Rf2+ 1/2-1/2

[Event "Quebec op"]
[Site "Laval CAN"]
[Date "2022.09.04"]
[Round "6.11"]
[White "Jacquet, Stephane"]
[Black "Cossette, Daniel"]
[Result "1-0"]
[WhiteElo "1862"]
[BlackElo "2026"]
[PlyCount "55"]
[EventDate "2022.09.01"]
[EventType "swiss"]
[EventRounds "9"]
[EventCountry "CAN"]

1. d4 d5 2. c4 e6 3. Nc3 c5 4. cxd5 exd5 5. Nf3 Nc6 6. g3 Nf6 7. Bg2 Be7 8. O-O
O-O 9. Be3 c4 10. Ne5 h6 11. Rc1 Bf5 12. b3 Ba3 13. bxc4 Bxc1 14. Qxc1 dxc4 15.
Nxc6 bxc6 16. Bxc6 Rc8 17. d5 Qa5 18. Bd4 Bh3 19. Rd1 Nh7 20. Qe3 Rfd8 21. g4
Bxg4 22. Qg3 Qc7 23. Qxg4 f5 24. Qxf5 Ng5 25. h4 Rf8 26. Qg4 Rf4 27. Qg3 Nh7
28. d6 1-0

[Event "Quebec op"]
[Site "Laval CAN"]
[Date "2022.09.04"]
[Round "6.12"]
[White "Turcotte, Jonathan"]
[Black "Chipanga, Takaedza"]
[Result "0-1"]
[WhiteElo "1940"]
[BlackElo "2012"]
[PlyCount "108"]
[EventDate "2022.09.01"]
[EventType "swiss"]
[EventRounds "9"]
[EventCountry "CAN"]

1. d4 d5 2. c4 dxc4 3. e4 c5 4. Nf3 cxd4 5. Qxd4 Qxd4 6. Nxd4 a6 7. a4 Nf6 8.
Nc3 e6 9. Bxc4 Bb4 10. f3 O-O 11. Bd2 Rd8 12. Nc2 Be7 13. Ke2 Nc6 14. Be3 Bd7
15. Bb6 Rdc8 16. Ba2 Be8 17. Bf2 b5 18. axb5 axb5 19. Bb1 b4 20. Rxa8 Rxa8 21.
Nb5 Rb8 22. Nbd4 Na5 23. Ne3 g6 24. Bg3 Rc8 25. Bd3 Nh5 26. Ra1 Nxg3+ 27. hxg3
Bd8 28. Bb5 Nb3 29. Nxb3 Bxb5+ 30. Kd2 Bf6 31. Ra5 Rb8 32. Kc2 Bd8 33. Rxb5
Rxb5 34. Nd4 Rb7 35. Kb3 Bb6 36. Nec2 Rd7 37. Kc4 e5 38. Nb3 Rd1 39. Nxb4 Rg1
40. Nd5 Bd8 41. Nc5 Rxg2 42. b4 h5 43. Nb7 Rc2+ 44. Kb3 Rc8 45. b5 Kf8 46. Nxd8
Rxd8 47. b6 g5 48. Kb4 h4 49. gxh4 gxh4 50. Ne3 h3 51. Ng4 Rd2 52. Kc3 Rd6 53.
b7 Rb6 54. Kd2 Rxb7 0-1

[Event "Quebec op"]
[Site "Laval CAN"]
[Date "2022.09.04"]
[Round "6.13"]
[White "Guillemette, Hugo"]
[Black "Wiebe, Isaac"]
[Result "1-0"]
[WhiteElo "1750"]
[BlackElo "2010"]
[PlyCount "89"]
[EventDate "2022.09.01"]
[EventType "swiss"]
[EventRounds "9"]
[EventCountry "CAN"]

1. e4 c5 2. Nf3 d6 3. Bb5+ Nc6 4. O-O Bd7 5. Re1 Nf6 6. c3 a6 7. Bf1 Bg4 8. d3
g6 9. Nbd2 Bg7 10. h3 Bxf3 11. Nxf3 O-O 12. d4 Rc8 13. dxc5 dxc5 14. Qc2 Nd7
15. Be3 Qc7 16. Rad1 Rfd8 17. a4 Rb8 18. Rd2 Nce5 19. Nxe5 Bxe5 20. Red1 Bd6
21. f4 f6 22. Rf2 b5 23. e5 fxe5 24. f5 Nf8 25. fxg6 Nxg6 26. Bd3 e4 27. Bxe4
Bh2+ 28. Kh1 Rxd1+ 29. Qxd1 Rd8 30. Qh5 Qg3 31. Bd5+ e6 32. Bxe6+ Kh8 33. Rf7
Nf8 34. Bf4 Qxf4 35. Rxf4 Bxf4 36. Bg4 Ng6 37. Qxc5 Re8 38. Qf2 Rd8 39. g3 Rd2
40. Qf1 Be5 41. h4 Bg7 42. axb5 Ne5 43. Qf5 Rd8 44. bxa6 Rf8 45. a7 1-0

[Event "Quebec op"]
[Site "Laval CAN"]
[Date "2022.09.04"]
[Round "6.14"]
[White "Bluvshtein, Ilia"]
[Black "Mercure, Gilbert"]
[Result "1-0"]
[WhiteElo "2034"]
[BlackElo "1722"]
[PlyCount "59"]
[EventDate "2022.09.01"]
[EventType "swiss"]
[EventRounds "9"]
[EventCountry "CAN"]

1. e4 d5 2. exd5 Nf6 3. Bb5+ Nbd7 4. c4 a6 5. Ba4 b5 6. cxb5 Nxd5 7. Nc3 N5b6
8. Bb3 e6 9. d4 axb5 10. Bf4 Ba6 11. Nf3 c5 12. d5 c4 13. dxe6 fxe6 14. Bc2 Qf6
15. Bg5 Qf7 16. O-O Bc5 17. Ne4 Nd5 18. Nxc5 Nxc5 19. Ne5 Qc7 20. Qh5+ Kf8 21.
Ng6+ Ke8 22. Nxh8+ Kd7 23. Qf7+ Kc6 24. Qxc7+ Kxc7 25. Nf7 Rc8 26. Ne5 h6 27.
Bh4 Nf4 28. Rfe1 Bb7 29. f3 Bd5 30. Be7 1-0

[Event "Quebec op"]
[Site "Laval CAN"]
[Date "2022.09.04"]
[Round "6.15"]
[White "Malek, Omid"]
[Black "Zhang, Brian"]
[Result "1-0"]
[WhiteElo "2033"]
[BlackElo "1526"]
[PlyCount "65"]
[EventDate "2022.09.01"]
[EventType "swiss"]
[EventRounds "9"]
[EventCountry "CAN"]

1. d4 d5 2. Nf3 Nf6 3. Bf4 e6 4. e3 Bd6 5. Nbd2 b6 6. Ne5 Bb7 7. c3 O-O 8. Bd3
c5 9. Bg5 Be7 10. Qf3 Nbd7 11. Bf4 Nxe5 12. dxe5 Ne8 13. h4 f6 14. Qg4 f5 15.
Qe2 g6 16. Nf3 Ng7 17. Bh6 Qc7 18. h5 Rad8 19. O-O-O Rfe8 20. Bb5 Bc6 21. Bxc6
Qxc6 22. hxg6 hxg6 23. Ng5 Bf8 24. f4 d4 25. g4 dxc3 26. bxc3 c4 27. Bxg7 Bxg7
28. gxf5 exf5 29. e4 Qa4 30. Rxd8 Rxd8 31. Qh2 Qc6 32. Qh7+ Kf8 33. exf5 1-0

[Event "Quebec op"]
[Site "Laval CAN"]
[Date "2022.09.04"]
[Round "6.16"]
[White "Batorshyn, Ilia"]
[Black "Javidfard, Amirsalar"]
[Result "1-0"]
[WhiteElo "1909"]
[BlackElo "2009"]
[PlyCount "29"]
[EventDate "2022.09.01"]
[EventType "swiss"]
[EventRounds "9"]
[EventCountry "CAN"]

1. d4 Nf6 2. c4 g6 3. Nc3 Bg7 4. e4 d6 5. Be2 c6 6. Nf3 a6 7. a4 a5 8. O-O O-O
9. Re1 Qc7 10. h3 e5 11. Be3 Na6 12. Qd2 Nxe4 13. Nxe4 f5 14. dxe5 dxe5 15. Nc5
1-0

[Event "Quebec op"]
[Site "Laval CAN"]
[Date "2022.09.04"]
[Round "6.17"]
[White "Nica, Ion"]
[Black "Ber, Yves"]
[Result "1-0"]
[WhiteElo "1674"]
[BlackElo "1964"]
[PlyCount "125"]
[EventDate "2022.09.01"]
[EventType "swiss"]
[EventRounds "9"]
[EventCountry "CAN"]

1. d4 Nf6 2. Nc3 d5 3. Bf4 c6 4. e3 Bf5 5. f3 h6 6. g4 Bh7 7. h4 e6 8. Bd3 Bxd3
9. Qxd3 Bd6 10. Nge2 Na6 11. a3 Qc7 12. b4 Bxf4 13. Nxf4 Qd6 14. b5 Nc7 15. a4
c5 16. dxc5 Qxc5 17. Qd4 Qd6 18. Nd3 Ke7 19. Qb4 Qxb4 20. Nxb4 e5 21. Rd1 Ke6
22. Kf2 g5 23. h5 Rhd8 24. Ne2 Rd7 25. Rd2 a5 26. Na2 Rad8 27. Nac1 b6 28. Ng3
e4 29. Nb3 exf3 30. Nd4+ Kd6 31. Ngf5+ Kc5 32. Nb3+ Kb4 33. Rd4+ Kc3 34. Rc1
Ne6 35. Rd3+ Kb4 36. Nfd4 Nxg4+ 37. Kg3 Ne5 38. Nc6+ Nxc6 39. bxc6 Rc7 40. Rb1
Kc4 41. Nd2+ Kc5 42. Rc3+ Kd6 43. Rxb6 Rdc8 44. Nxf3 f5 45. Rb5 Rxc6 46. Rxc6+
Rxc6 47. Rxa5 Ng7 48. Nd4 Rb6 49. Ra7 Nxh5+ 50. Kf2 Ke5 51. a5 Rf6 52. Nf3+ Kd6
53. Nd4 f4 54. a6 fxe3+ 55. Kxe3 g4 56. Rb7 Rf8 57. Rb6+ Kc7 58. Rxh6 Re8+ 59.
Kd2 Nf4 60. Nb5+ Kb8 61. Rb6+ Ka8 62. Rb7 Rc8 63. Nc7+ 1-0

[Event "Quebec op"]
[Site "Laval CAN"]
[Date "2022.09.04"]
[Round "6.18"]
[White "Goldner, John"]
[Black "Ang, Alan"]
[Result "0-1"]
[WhiteElo "1684"]
[BlackElo "1921"]
[PlyCount "116"]
[EventDate "2022.09.01"]
[EventType "swiss"]
[EventRounds "9"]
[EventCountry "CAN"]

1. e4 g6 2. d4 Bg7 3. Nf3 d5 4. exd5 Qxd5 5. c4 Qd8 6. Nc3 Nf6 7. h3 O-O 8. Be2
b6 9. Be3 Bb7 10. O-O Nbd7 11. Qd2 Re8 12. Rad1 e6 13. Bg5 a6 14. Qf4 Nh5 15.
Qh4 Bf6 16. Bxf6 Qxf6 17. Qxf6 Ndxf6 18. g3 Rad8 19. Ne5 Ng7 20. g4 Nd7 21. f4
f6 22. Nf3 h5 23. Bd3 hxg4 24. hxg4 Kf7 25. Bc2 Rh8 26. Be4 Bxe4 27. Nxe4 Rh7
28. Neg5+ fxg5 29. Nxg5+ Kg8 30. Nxh7 Kxh7 31. Rd3 Nf6 32. g5 Nfh5 33. d5 Nf5
34. Rff3 exd5 35. cxd5 Kg7 36. Rc3 Rd7 37. Rc4 b5 38. Rc5 Nd4 39. Rf2 Nxf4 40.
Rxf4 Ne2+ 41. Kf2 Nxf4 42. Rc6 Nxd5 43. Rxa6 Nb4 44. Ra7 Nd3+ 45. Ke3 Nxb2 46.
Rb7 Nc4+ 47. Kf4 Rf7+ 48. Kg3 Nd6 49. Rb8 c5 50. Rb6 Ne4+ 51. Kg4 b4 52. Rb5
Nf2+ 53. Kg3 Nd3 54. a3 c4 55. a4 c3 56. a5 c2 57. Rd5 c1=Q 58. Rxd3 Qc7+ 0-1

[Event "Quebec op"]
[Site "Laval CAN"]
[Date "2022.09.04"]
[Round "6.19"]
[White "Eltafi, Ali Sina"]
[Black "Rodriguez, Aaron"]
[Result "0-1"]
[WhiteElo "1179"]
[BlackElo "1894"]
[PlyCount "66"]
[EventDate "2022.09.01"]
[EventType "swiss"]
[EventRounds "9"]
[EventCountry "CAN"]

1. Nf3 g6 2. d4 Bg7 3. e4 d6 4. Nc3 Nf6 5. Be2 O-O 6. O-O Nc6 7. Be3 Ng4 8. Bd3
Nxe3 9. fxe3 e5 10. d5 Nb4 11. Be2 Bh6 12. Qd2 f5 13. a3 Na6 14. b4 Kh8 15. Qd3
Nb8 16. exf5 gxf5 17. e4 f4 18. Nd1 Rg8 19. Rf2 Qe7 20. Nb2 Nd7 21. c4 Nf6 22.
Bf1 Ng4 23. Rc2 Ne3 24. Rc3 Bh3 25. Ne1 f3 26. Nxf3 Bxg2 27. Bxg2 Rxg2+ 28. Kh1
Rxb2 29. Rg1 Qf6 30. Rg3 Rg8 31. Ne1 Rxg3 32. hxg3 Qf2 33. Rc1 Qh2# 0-1

[Event "Quebec op"]
[Site "Laval CAN"]
[Date "2022.09.05"]
[Round "7.1"]
[White "Perez Rodriguez, Luis Manuel"]
[Black "Sambuev, Bator"]
[Result "0-1"]
[WhiteElo "2335"]
[BlackElo "2436"]
[PlyCount "82"]
[EventDate "2022.09.01"]
[EventType "swiss"]
[EventRounds "9"]
[EventCountry "CAN"]

1. e4 e6 2. d4 d5 3. Nd2 c5 4. exd5 exd5 5. Ngf3 Nf6 6. Bb5+ Bd7 7. Bxd7+ Nbxd7
8. O-O Be7 9. dxc5 Nxc5 10. Re1 O-O 11. Nf1 Re8 12. Be3 a5 13. Bd4 a4 14. Ne3
a3 15. Nf5 Bf8 16. Rxe8 Nxe8 17. bxa3 Ne6 18. Rb1 Rxa3 19. Rxb7 Rxa2 20. Be5 f6
21. Rb8 Qd7 22. Bg3 N8c7 23. h4 Na6 24. Ra8 Nb4 25. Rxa2 Nxa2 26. Qa1 Nb4 27.
c3 Nc6 28. Qa8 Kf7 29. Qa2 Bc5 30. Qd2 h5 31. Ne1 g6 32. Ne3 Bxe3 33. Qxe3 Ne7
34. Nd3 Nf5 35. Qf3 Qb5 36. Nb4 d4 37. Qd5 Qxd5 38. Nxd5 Nxg3 39. fxg3 Nc7 40.
Nf4 dxc3 41. Kf2 Nd5 0-1

[Event "Quebec op"]
[Site "Laval CAN"]
[Date "2022.09.05"]
[Round "7.2"]
[White "Migot, Tangi"]
[Black "Kapush, Oleksandr"]
[Result "1/2-1/2"]
[WhiteElo "2356"]
[BlackElo "1731"]
[PlyCount "80"]
[EventDate "2022.09.01"]
[EventType "swiss"]
[EventRounds "9"]
[EventCountry "CAN"]

1. d4 Nf6 2. Bf4 g6 3. Nc3 d5 4. Nf3 Bg7 5. Nb5 Na6 6. e3 c6 7. Nc3 Nc7 8. h3
Ne6 9. Be5 b6 10. Be2 Bb7 11. O-O O-O 12. b4 Nd7 13. Bxg7 Nxg7 14. Na4 Qc7 15.
Qc1 e5 16. c4 dxc4 17. Bxc4 Rac8 18. Be2 Ne6 19. Rd1 exd4 20. Nxd4 Nxd4 21.
exd4 c5 22. dxc5 bxc5 23. b5 Nb6 24. Nc3 Qe5 25. Bf1 Nd5 26. Nxd5 Bxd5 27. Qa3
Rc7 28. Rac1 Rfc8 29. Qa5 Be6 30. Bc4 Bxc4 31. Rxc4 Qe2 32. Rdc1 Rd7 33. Qa6
Rcd8 34. Qf6 Rd6 35. Qf4 Qxa2 36. Rxc5 Qe6 37. Rc6 a6 38. Rxd6 Qxd6 39. Qxd6
Rxd6 40. bxa6 Rxa6 1/2-1/2

[Event "Quebec op"]
[Site "Laval CAN"]
[Date "2022.09.05"]
[Round "7.3"]
[White "Zheng, Richard"]
[Black "Chen, Max"]
[Result "1/2-1/2"]
[WhiteElo "2147"]
[BlackElo "2104"]
[PlyCount "82"]
[EventDate "2022.09.01"]
[EventType "swiss"]
[EventRounds "9"]
[EventCountry "CAN"]

1. d4 Nf6 2. Bg5 d5 3. e3 Bf5 4. c4 dxc4 5. Bxc4 e6 6. Nc3 Be7 7. Bd3 Bxd3 8.
Qxd3 Nbd7 9. Nf3 O-O 10. O-O h6 11. Bh4 Rc8 12. e4 c6 13. Rfd1 Kh8 14. d5 cxd5
15. exd5 Nc5 16. Qe2 exd5 17. Bxf6 Bxf6 18. Nxd5 Qd6 19. Nxf6 Qxf6 20. Qe5 Qb6
21. Rd6 Rc6 22. Rxc6 bxc6 23. Rd1 Rd8 24. Rxd8+ Qxd8 25. Qd4 Ne6 26. Qxd8+ Nxd8
27. Kf1 Kg8 28. Ke2 Kf8 29. Kd3 Ke7 30. Kc4 Kd6 31. Nd4 g6 32. b4 Kc7 33. b5
Kb6 34. bxc6 Nxc6 35. Nxc6 Kxc6 36. g4 g5 37. h3 Kb6 38. Kb4 Ka6 39. Ka4 Kb6
40. Kb4 Ka6 41. Ka4 Kb6 1/2-1/2

[Event "Quebec op"]
[Site "Laval CAN"]
[Date "2022.09.05"]
[Round "7.4"]
[White "Vera, Reynaldo"]
[Black "Saha, Ananda"]
[Result "0-1"]
[WhiteElo "2402"]
[BlackElo "2025"]
[PlyCount "70"]
[EventDate "2022.09.01"]
[EventType "swiss"]
[EventRounds "9"]
[EventCountry "CAN"]

1. d4 e6 2. Nf3 c5 3. c4 cxd4 4. Nxd4 Nf6 5. Nc3 a6 6. g3 Nc6 7. Bg2 Qc7 8. O-O
Be7 9. b3 O-O 10. Bb2 Rb8 11. Rc1 Bc5 12. e3 b6 13. Qd2 Bb7 14. Nd5 exd5 15.
cxd5 Ne7 16. b4 Bxd5 17. Bxd5 Nfxd5 18. bxc5 bxc5 19. Nb3 d6 20. e4 Nb4 21. e5
dxe5 22. Rxc5 Qb6 23. Bxe5 Rbd8 24. Qe2 Qe6 25. Rd1 Nec6 26. Rxd8 Rxd8 27. Qh5
Nd3 28. Rxc6 Qxc6 29. Bxg7 Ne1 30. Kf1 Qh1+ 31. Ke2 Re8+ 32. Kd2 Qe4 33. Nd4
Qd3+ 34. Kc1 Rc8+ 35. Kb2 Qc3+ 0-1

[Event "Quebec op"]
[Site "Laval CAN"]
[Date "2022.09.05"]
[Round "7.5"]
[White "Han, Johnathan"]
[Black "Chiku-Ratte, Olivier-Kenta"]
[Result "1-0"]
[WhiteElo "2074"]
[BlackElo "2355"]
[PlyCount "133"]
[EventDate "2022.09.01"]
[EventType "swiss"]
[EventRounds "9"]
[EventCountry "CAN"]

1. e4 c5 2. Nf3 Nf6 3. e5 Nd5 4. d4 cxd4 5. Qxd4 e6 6. c4 Nc6 7. Qe4 f5 8. Qe2
Nde7 9. h4 Ng6 10. Bd2 Qc7 11. Bc3 d6 12. exd6 Bxd6 13. g3 O-O 14. Bg2 Nge5 15.
Nbd2 Ng4 16. O-O h6 17. Rad1 Kh7 18. Nb3 Qe7 19. Rfe1 a6 20. Nc1 e5 21. Bh3 e4
22. Bxg4 fxg4 23. Nd2 e3 24. Qxe3 Qxe3 25. Rxe3 Bc5 26. Re2 Rd8 27. Rde1 b5 28.
Ncb3 Bf8 29. cxb5 axb5 30. a3 Bf5 31. Ne4 Rd5 32. Rd2 Rxd2 33. Nexd2 Rd8 34.
Nf1 Bc8 35. Ne3 Be6 36. Nd2 Nd4 37. Ng2 Bc8 38. Re4 Bc5 39. Re5 Bb6 40. Nf4 Bf5
41. Nd5 Nc6 42. Rxf5 Kg6 43. Rf4 Rxd5 44. Rxg4+ Kf5 45. Rxg7 Ne5 46. Kg2 Bd4
47. Bxd4 Rxd4 48. Nf3 Nxf3 49. Rf7+ Kg4 50. Rxf3 Rd2 51. Rf4+ Kh5 52. Rf5+ Kg6
53. Rxb5 h5 54. a4 Rd4 55. a5 Ra4 56. b4 Ra3 57. Rc5 Ra2 58. Kf3 Ra3+ 59. Ke4
Ra2 60. f4 Ra3 61. Rc6+ Kf7 62. a6 Rxg3 63. a7 Ra3 64. Rc7+ Kf6 65. b5 Ra4+ 66.
Kd5 Kf5 67. b6 1-0

[Event "Quebec op"]
[Site "Laval CAN"]
[Date "2022.09.05"]
[Round "7.6"]
[White "Li, William"]
[Black "Robichaud, Louis"]
[Result "1-0"]
[WhiteElo "2106"]
[BlackElo "2026"]
[PlyCount "73"]
[EventDate "2022.09.01"]
[EventType "swiss"]
[EventRounds "9"]
[EventCountry "CAN"]

1. d4 Nf6 2. c4 g6 3. f3 Bg7 4. e4 d6 5. Nc3 O-O 6. Nge2 c5 7. d5 Nbd7 8. Ng3
h5 9. Be2 Ne5 10. O-O h4 11. Nh1 h3 12. g4 e6 13. f4 Nxc4 14. Bxc4 exd5 15.
Nxd5 Nxg4 16. Ne3 Bd4 17. Qf3 Qf6 18. Bd5 Kg7 19. Nf2 Nxf2 20. Rxf2 Rh8 21. Rb1
Rb8 22. b4 b5 23. bxc5 dxc5 24. Bb2 Rh4 25. Bxd4 cxd4 26. Nc4 Be6 27. Ne5 g5
28. Bxe6 Qxe6 29. Qg3 Kh8 30. fxg5 Rxe4 31. Nxf7+ Kg7 32. Rf6 Qxa2 33. Rbf1 Re3
34. Qg4 Qe2 35. Rg6+ Kxg6 36. Qf5+ Kh5 37. g6+ 1-0

[Event "Quebec op"]
[Site "Laval CAN"]
[Date "2022.09.05"]
[Round "7.7"]
[White "Chipanga, Takaedza"]
[Black "Jacquet, Stephane"]
[Result "0-1"]
[WhiteElo "2012"]
[BlackElo "1862"]
[PlyCount "82"]
[EventDate "2022.09.01"]
[EventType "swiss"]
[EventRounds "9"]
[EventCountry "CAN"]

1. d4 d6 2. e4 g6 3. c4 Bg7 4. Nc3 Nf6 5. f3 a6 6. Be3 c6 7. a4 a5 8. Bd3 Na6
9. Rc1 Nd7 10. Nge2 e5 11. d5 Ndc5 12. O-O O-O 13. Bc2 Re8 14. Qd2 Bd7 15. dxc6
bxc6 16. Qxd6 Bf8 17. Qd2 Qc7 18. Kh1 Be6 19. b3 Nb4 20. Rb1 Red8 21. Qc1 Rd7
22. f4 Ncd3 23. Bxd3 Nxd3 24. Qc2 Bg4 25. h3 Bxe2 26. Nxe2 Bh6 27. Qc3 Rad8 28.
g3 c5 29. Rf3 Qc6 30. Rbf1 Qxe4 31. Kh2 exf4 32. gxf4 Nb4 33. Ng3 Qc6 34. Qe5
Nd3 35. Qe4 Qf6 36. f5 Re7 37. fxg6 Qb2+ 38. R1f2 Nxf2 39. Qxe7 Ng4+ 40. Kg1
Rd1+ 41. Nf1 Qh2# 0-1

[Event "Quebec op"]
[Site "Laval CAN"]
[Date "2022.09.05"]
[Round "7.8"]
[White "Latreille, Etienne"]
[Black "Guillemette, Hugo"]
[Result "1/2-1/2"]
[WhiteElo "1680"]
[BlackElo "1750"]
[PlyCount "91"]
[EventDate "2022.09.01"]
[EventType "swiss"]
[EventRounds "9"]
[EventCountry "CAN"]

1. e4 c5 2. Nf3 e6 3. g3 Nc6 4. Bg2 Nf6 5. Qe2 e5 6. c3 Be7 7. O-O O-O 8. Na3
d6 9. d3 Re8 10. Bg5 h6 11. Bxf6 Bxf6 12. Nc2 Be6 13. Ne3 Qc7 14. Nd5 Bxd5 15.
exd5 Ne7 16. Nd2 g6 17. Rae1 Bg7 18. Qd1 b5 19. f4 exf4 20. Rxf4 Nf5 21. Rfe4
Re7 22. Qf3 Be5 23. Bh3 Ng7 24. Qe2 f5 25. Re3 Rae8 26. Kh1 Bf6 27. Rxe7 Rxe7
28. Qf2 Rxe1+ 29. Qxe1 a5 30. a4 Qb7 31. Bg2 Bg5 32. axb5 Bxd2 33. Qxd2 Qxb5
34. Qe2 a4 35. h3 Qb3 36. Qd2 Kh7 37. Kh2 a3 38. bxa3 Qxa3 39. Qf4 Qa6 40. d4
g5 41. Qe3 cxd4 42. Qxd4 Qa1 43. Qf6 Qa3 44. g4 f4 45. h4 Qb2 46. Kh3 1/2-1/2

[Event "Quebec op"]
[Site "Laval CAN"]
[Date "2022.09.05"]
[Round "7.9"]
[White "Adam, Rafael"]
[Black "Zhong, Kevin"]
[Result "1/2-1/2"]
[WhiteElo "1864"]
[BlackElo "2143"]
[PlyCount "62"]
[EventDate "2022.09.01"]
[EventType "swiss"]
[EventRounds "9"]
[EventCountry "CAN"]

1. d4 d5 2. c4 e6 3. Nf3 Nf6 4. g3 Be7 5. Bg2 O-O 6. O-O c6 7. Qc2 b6 8. Nbd2
Bb7 9. e4 Na6 10. e5 Nd7 11. cxd5 Nb4 12. Qb3 Nxd5 13. Ne4 c5 14. dxc5 Nxc5 15.
Nxc5 Bxc5 16. Rd1 Qc7 17. Bd2 Rfd8 18. Rac1 Rac8 19. Qa4 Qb8 20. Qg4 Bf8 21. h4
Ne7 22. Bc3 Nf5 23. Ng5 Bxg2 24. Kxg2 h6 25. Ne4 Kh8 26. Kg1 b5 27. a3 Rc4 28.
Qe2 Nd4 29. Bxd4 Rcxd4 30. Nd6 Rxd1+ 31. Rxd1 Bxd6 1/2-1/2

[Event "Quebec op"]
[Site "Laval CAN"]
[Date "2022.09.05"]
[Round "7.10"]
[White "Latorre, Vincent"]
[Black "Bluvshtein, Ilia"]
[Result "1-0"]
[WhiteElo "1949"]
[BlackElo "2034"]
[PlyCount "59"]
[EventDate "2022.09.01"]
[EventType "swiss"]
[EventRounds "9"]
[EventCountry "CAN"]

1. e4 e5 2. Nf3 Nc6 3. Bc4 Bc5 4. c3 Nf6 5. d3 a6 6. O-O d6 7. Bb3 Ba7 8. Nbd2
Qe7 9. h3 O-O 10. Re1 h6 11. Nf1 Nh5 12. d4 Nf4 13. Bxf4 exf4 14. Qd2 g5 15. e5
Bf5 16. Bc2 Qd7 17. exd6 Bxc2 18. Qxc2 cxd6 19. d5 Ne7 20. Rad1 Rae8 21. N1d2
Kg7 22. c4 Ng6 23. Nb3 Rxe1+ 24. Rxe1 Re8 25. Qc3+ f6 26. Nbd4 Kf7 27. Rxe8
Kxe8 28. Ne6 Kf7 29. Qd3 b5 30. Qxg6+ 1-0

[Event "Quebec op"]
[Site "Laval CAN"]
[Date "2022.09.05"]
[Round "7.11"]
[White "Jiang, Barron Jiyu"]
[Black "Malek, Omid"]
[Result "0-1"]
[WhiteElo "1603"]
[BlackElo "2033"]
[PlyCount "60"]
[EventDate "2022.09.01"]
[EventType "swiss"]
[EventRounds "9"]
[EventCountry "CAN"]

1. e4 c5 2. Nf3 d6 3. d4 cxd4 4. Nxd4 Nf6 5. Nc3 a6 6. Bg5 e6 7. f4 Nbd7 8. Qf3
Qc7 9. O-O-O b5 10. g4 Bb7 11. Bxf6 Nxf6 12. Bd3 b4 13. Nce2 Be7 14. Ng3 Nd7
15. g5 Qc5 16. Bf1 a5 17. Bh3 a4 18. Nh5 O-O 19. Bxe6 fxe6 20. Nxg7 b3 21. a3
Rxf4 22. Qc3 Qxc3 23. bxc3 bxc2 24. Rde1 Rf2 25. Ngxe6 Ne5 26. Re2 Rxe2 27.
Nxe2 Bxe4 28. Rg1 Rb8 29. Rg3 Rb1+ 30. Kd2 Nc4# 0-1

[Event "Quebec op"]
[Site "Laval CAN"]
[Date "2022.09.05"]
[Round "7.12"]
[White "Mok, Yuen Tak"]
[Black "Batorshyn, Ilia"]
[Result "0-1"]
[WhiteElo "1795"]
[BlackElo "1909"]
[PlyCount "160"]
[EventDate "2022.09.01"]
[EventType "swiss"]
[EventRounds "9"]
[EventCountry "CAN"]

1. c4 e6 2. Nf3 d5 3. b3 Nf6 4. g3 c6 5. Bg2 Bd6 6. d4 O-O 7. O-O Nbd7 8. Qc2
b6 9. Rd1 Bb7 10. Nc3 Qc7 11. Bb2 Rfe8 12. e4 dxe4 13. Nxe4 Nxe4 14. Qxe4 c5
15. Qe3 Rad8 16. Rd2 Be7 17. dxc5 Bxc5 18. Bd4 Bb4 19. Bc3 Bxc3 20. Qxc3 Nc5
21. Rad1 f6 22. Qe3 e5 23. Rxd8 Rxd8 24. Rxd8+ Qxd8 25. Qd2 Qc7 26. Ne1 Kf8 27.
b4 Ne4 28. Qd3 f5 29. g4 g6 30. gxf5 gxf5 31. Nc2 Qc8 32. Ne3 Ke7 33. Nd5+ Bxd5
34. Qxd5 Nd6 35. Qxe5+ Qe6 36. Qxe6+ Kxe6 37. Bd5+ Ke5 38. Bg8 h6 39. c5 bxc5
40. bxc5 Ne4 41. c6 Kd6 42. c7 Kxc7 43. Be6 f4 44. Bf5 Nc3 45. a3 Kd6 46. Kg2
Nb5 47. a4 Nd4 48. Bd3 Ke5 49. Kh3 Nf3 50. Bc2 a5 51. Bb1 Nd2 52. Bh7 h5 53.
Bg6 Ne4 54. Kg2 Nc5 55. Bc2 Ne6 56. Bd1 Nc5 57. Bc2 Ne6 58. Bg6 Nc5 59. Be8 Kf5
60. Kf3 h4 61. Bb5 h3 62. Bc6 Nb3 63. Bd7+ Kg5 64. Be8 Kf5 65. Bd7+ Kg5 66.
Bxh3 Nc5 67. Bf1 Nxa4 68. Ke4 Nc3+ 69. Kd4 Nd1 70. f3 a4 71. Bc4 Ne3 72. Be6
Nf1 73. h3 Nd2 74. Bg4 a3 75. Kc3 Kh4 76. Be6 Nxf3 77. Kb4 Ne5 78. Kxa3 f3 79.
Bc8 Nc4+ 80. Kb4 f2 0-1